Countries with embassies and consulates in Fiji - Statistics

General Stats
  • This quiz has been taken 57 times
  • The average score is 18 of 20
Answer Stats
Continent Country % Correct
Oceania Australia
98%
Oceania New Zealand
98%
Asia China
96%
Asia Japan
96%
Oceania Nauru
96%
Oceania Samoa
96%
Europe United Kingdom
96%
North America United States of America
96%
Oceania Solomon Islands
91%
Oceania Tuvalu
91%
Europe France
89%
Asia India
89%
Asia Indonesia
89%
Africa South Africa
89%
Oceania Marshall Islands
87%
Oceania Kiribati
83%
Oceania Papua New Guinea
83%
Asia South Korea
83%
Oceania Micronesia
81%
Asia Malaysia
79%
No matching quizzes found
Score Distribution
Percent of People with Each Score
Percentile by Number Answered
Your Score History
You have not taken this quiz